000 00497nam a22001937a 4500
001 BT-PhCST
003 BT-PhCST
005 20190204172208.0
008 161026b xxu||||| |||| 00| 0 eng
020 _a9780143103257
040 _aBT-PhCST
_cBT-PhCST
_dBT-PhCST
050 _aD3885
082 _222
_a572.390
100 _aVarma, Pavan K
245 _aThe great indian middle class /
260 _aNew Delhi,
_bPenguin Books,
_cc2007
300 _aill. ;
_bxv,243 p. ;
_c20 cm.
942 _2ddc
_cF
999 _c6496
_d6496